| 000 | 00966nam a2200253 a 4500 | ||
|---|---|---|---|
| 001 | BRCA_8404 | ||
| 005 | 20190320210250.0 | ||
| 008 | 050315s2006----sp-a######---#000-0#spa-# | ||
| 020 | _a8484722813 | ||
| 050 | 4 |
_aF1231 _b.T68 2006 |
|
| 100 | 1 |
_aTovar de Teresa, Guillermo, _d1956- _9559 |
|
| 245 | 1 | 0 |
_aEl Pegaso, o El mundo barroco novohispano en el siglo XVII _cGuillermo Tovar de Teresa ; con 3 estudios introductorios de David Brading, José Pascual Buxó y Jacques Lafaye. |
| 260 |
_a[Sevilla, España] _bRenacimiento _cc2006 |
||
| 300 |
_a230 p. _bil. _c21 cm. |
||
| 504 | _aIncluye referencias bibliográficas | ||
| 650 | 1 | 4 |
_aEscultura barroca _zMéxico _93820 |
| 650 | 1 | 4 |
_aPegaso (Mitología griega) _921038 |
| 651 | 4 |
_aMéxico _xCivilización _ySiglo XVII _921039 |
|
| 700 | 1 |
_aBrading, David _921040 |
|
| 700 | 1 |
_aPascual Buxó, José _921041 |
|
| 700 | 1 |
_aLafaye, Jacques _97911 |
|
| 740 | 0 | _aMundo barroco novohispano en el siglo XVII | |
| 942 |
_2lcc _cB |
||
| 999 |
_c8072 _d8072 |
||